Пропуск в контексте

Методы оценки функции брюшины как диализной мембраны учебное пособие

В учебном пособии авторами подробно рассмотрены функциональные методы, позволяющие оценить технику перитонеального диализа с коррекцией на состояние перитонеальной мембраны и методики, связанные с измерением уровня ряда биологически активных веществ. Знание и использование данных методов позволит по...

Полное описание

Сохранить в:
Библиографические подробности
Главный автор: Герасимчук Р. П.
Другие авторы: Земченков А. Ю., Кулаева Н. Н.
Формат: Книга
Язык:Russian
Опубликовано: Санкт-Петербург СЗГМУ им. И.И. Мечникова 2021
Online-ссылка:https://e.lanbook.com/book/326966
https://e.lanbook.com/img/cover/book/326966.jpg
Метки: Добавить метку
Нет меток, Требуется 1-ая метка записи!
LEADER 02716nam0a2200313 i 4500
001 326966
003 RuSpLAN
005 20240216150942.0
008 240216s2021 ru gs 000 0 rus
020 |a 978-5-89588-321-1 
040 |a RuSpLAN 
041 0 |a rus 
044 |a ru 
080 |a 616.38–073.27:612.339.1(07) 
084 |a 53.53я7  |2 rubbk 
245 0 0 |a Методы оценки функции брюшины как диализной мембраны  |b учебное пособие  |c Герасимчук Р. П.,Земченков А. Ю.,Кулаева Н. Н. 
260 |a Санкт-Петербург  |b СЗГМУ им. И.И. Мечникова  |c 2021 
300 |a 44 с. 
500 |a Рекомендовано в качестве учебного пособия методическим советом ФГБОУ ВО СЗГМУ им. И. И. Мечникова МЗ РФ 
504 |a Библиогр.: доступна в карточке книги, на сайте ЭБС Лань 
520 8 |a В учебном пособии авторами подробно рассмотрены функциональные методы, позволяющие оценить технику перитонеального диализа с коррекцией на состояние перитонеальной мембраны и методики, связанные с измерением уровня ряда биологически активных веществ. Знание и использование данных методов позволит повысить эффективность различных вмешательств, направленных на сохранение перитонеальной мембраны, а значит, увеличить длительность применения данного метода заместительной почечной терапии. Пособие содержит контрольно-измерительные материалы в виде тестовых заданий. Учебное пособие предназначено для нефрологов, а также анестезиологов, хирургов, работающих в отделениях диализа. 
521 8 |a Книга из коллекции СЗГМУ им. И.И. Мечникова - Медицина 
521 8 |a СЭБ 
100 1 |a Герасимчук Р. П. 
700 1 |a Земченков А. Ю. 
700 1 |a Кулаева Н. Н. 
856 4 |u https://e.lanbook.com/book/326966 
856 4 8 |u https://e.lanbook.com/img/cover/book/326966.jpg 
953 |a https://e.lanbook.com/img/cover/book/326966.jpg